<?xml version="1.0" encoding="UTF-8"?>
<collection xmlns="http://www.loc.gov/MARC21/slim">
<record>
  <controlfield tag="001">153648</controlfield>
  <controlfield tag="005">20251017144557.0</controlfield>
  <datafield tag="024" ind1="8" ind2=" ">
    <subfield code="2">sideral</subfield>
    <subfield code="a">143762</subfield>
  </datafield>
  <datafield tag="037" ind1=" " ind2=" ">
    <subfield code="a">ART-2025-143762</subfield>
  </datafield>
  <datafield tag="041" ind1=" " ind2=" ">
    <subfield code="a">spa</subfield>
  </datafield>
  <datafield tag="100" ind1=" " ind2=" ">
    <subfield code="a">Gaspar Lera, Silvia</subfield>
    <subfield code="u">Universidad de Zaragoza</subfield>
    <subfield code="0">(orcid)0000-0003-2591-0337</subfield>
  </datafield>
  <datafield tag="245" ind1=" " ind2=" ">
    <subfield code="a">Préstamo con garantía hipotecaria para adquirir una finca que no constituirá vivienda familiar: derecho expectante de viudedad aragonés. Comentario a la RDGSJyFP de 20 de junio de 2024 (JUR 2024, 219622)</subfield>
  </datafield>
  <datafield tag="260" ind1=" " ind2=" ">
    <subfield code="c">2025</subfield>
  </datafield>
  <datafield tag="520" ind1="3" ind2=" ">
    <subfield code="a">Una persona casada adquirió mediante escritura una vivienda privativa y, a continuación, constituyó hipoteca sobre ella para garantizar el préstamo destinando a financiar la compra. El adquirente e hipotecante y su esposa habían excluido en capitulaciones matrimoniales la viudedad foral aragonesa sobre todos los bienes del otro, salvo el que en cada momento fuera el domicilio familiar. El registrador de la propiedad suspende la inscripción de la hipoteca porque la esposa no había confirmado el carácter no habitual de la vivienda ni constaba, para el caso de que lo fuera, su renuncia o reserva expresa del derecho expectante de viudedad foral. La Dirección General de Seguridad Jurídica y Fe Pública revoca la calificación y, con fundamento en la doctrina del negocio complejo, concluye que no había acto de disposición y, en consecuencia, no era precisa la intervención de la esposa para practicar la inscripción solicitada.

A married person granted on public deed a mortgage loan over an exclusive property, which he had bought the same date at the same notary. The acquirer and his wife had excluded in nuptial agreement the aragonese foral widowhood over all the assets of the other, respecting at all times the family dwelling. The land registrar suspended the registration of the mortgage because the wife had not confirmed that property was not the main residence and, if it was, she had not renounce nor made reserve the expectant widowhood right. The Directorate General for Legal Certainty and Public Faith revokes the registrar statement and, upon de fundamental of complex business, concludes that it was no necessary wife´s intervention for registration of mortgage.</subfield>
  </datafield>
  <datafield tag="540" ind1=" " ind2=" ">
    <subfield code="9">info:eu-repo/semantics/closedAccess</subfield>
    <subfield code="a">All rights reserved</subfield>
    <subfield code="u">http://www.europeana.eu/rights/rr-f/</subfield>
  </datafield>
  <datafield tag="655" ind1=" " ind2="4">
    <subfield code="a">info:eu-repo/semantics/article</subfield>
    <subfield code="v">info:eu-repo/semantics/publishedVersion</subfield>
  </datafield>
  <datafield tag="710" ind1="2" ind2=" ">
    <subfield code="1">4004</subfield>
    <subfield code="2">130</subfield>
    <subfield code="a">Universidad de Zaragoza</subfield>
    <subfield code="b">Dpto. Derecho Privado</subfield>
    <subfield code="c">Área Derecho Civil</subfield>
  </datafield>
  <datafield tag="773" ind1=" " ind2=" ">
    <subfield code="g">127 (2025), [9 pp.]</subfield>
    <subfield code="p">Cuad. Cívitas jurisprud. civ.</subfield>
    <subfield code="t">Cuadernos Cívitas de jurisprudencia civil</subfield>
    <subfield code="x">0212-6206</subfield>
  </datafield>
  <datafield tag="856" ind1="4" ind2=" ">
    <subfield code="s">239019</subfield>
    <subfield code="u">http://zaguan.unizar.es/record/153648/files/texto_completo.pdf</subfield>
    <subfield code="y">Versión publicada</subfield>
  </datafield>
  <datafield tag="856" ind1="4" ind2=" ">
    <subfield code="s">627667</subfield>
    <subfield code="u">http://zaguan.unizar.es/record/153648/files/texto_completo.jpg?subformat=icon</subfield>
    <subfield code="x">icon</subfield>
    <subfield code="y">Versión publicada</subfield>
  </datafield>
  <datafield tag="856" ind1="4" ind2="1">
    <subfield code="u">https://dialnet.unirioja.es/servlet/articulo?codigo=10136577</subfield>
    <subfield code="z">Texto completo de la revista</subfield>
  </datafield>
  <datafield tag="909" ind1="C" ind2="O">
    <subfield code="o">oai:zaguan.unizar.es:153648</subfield>
    <subfield code="p">articulos</subfield>
    <subfield code="p">driver</subfield>
  </datafield>
  <datafield tag="951" ind1=" " ind2=" ">
    <subfield code="a">2025-10-17-14:13:31</subfield>
  </datafield>
  <datafield tag="980" ind1=" " ind2=" ">
    <subfield code="a">ARTICLE</subfield>
  </datafield>
</record>
</collection>